Culture Générale - Série 783 - Statistiques

Statistiques générales
  • Ce quiz a été pris 154 fois
  • Le résultat moyen est 5 sur 10
Statistiques - réponses
Question Réponse % Correct
Quelle unité de mesure de fréquence a pour symbole les lettres : "Hz"? hertz
92%
Dans sa chanson "Papa Tango Charlie" en 1976, dans quelle zone de l'océan Atlantique Mort Shuman va-t-il "noyer [sa] solitude" ? Le triangle des ... Bermudes
82%
De quel pays sont originaires les plats composés de viande épicée, appelés "tandoori" ? Inde
82%
Au cinéma, quel acteur français a revêtu à plusieurs reprises la soutane de Don Camillo ? Fernandel
79%
En économie, quel verbe signifie : "transférer au secteur privé une activité relevant jusqu'alors du secteur public" ? privatiser
69%
Dans la Savane, quel animal est l'ourebi ? antilope
20%
Comment appelle-t-on le poignard caractéristique du Monde malais (Indonésie,Malaisie, Singapour, Brunei, Philippines et sud de la Thaïlande) ? kriss
13%
Comment appelle-t-on une petite bobine de fil ? canette
11%
Dans l'océan, qu'est-ce qu'un serpule ? ver
3%
Comment appelle-t-on un mauvais peintre ? rapin
2%
Aucun quiz correspondant
Distribution des résultats
% des personnes avec chaque résultat
Percentile par nombre de réponses
Votre historique - résultats
Vous n’avez pas pris ce quiz